书目信息 |
| 题名: |
建筑工程质量与安全管理
|
|
| 作者: | 徐滨 , 蒋晓燕 主编 | |
| 分册: | ||
| 出版信息: | 北京 北京理工大学出版社 2025.01 |
|
| 页数: | 183页 | |
| 开本: | 26cm | |
| 丛书名: | ||
| 单 册: | ||
| 中图分类: | TU712.3 , TU714 | |
| 科图分类: | ||
| 主题词: | 建筑工程--jian zhu gong cheng--工程质量--质量管理 , 建筑工程--jian zhu gong cheng--安全管理 | |
| 电子资源: | ||
| ISBN: | 978-7-5763-4768-5 | |
| 000 | 01024nam0 2200277 450 | |
| 001 | 89876 | |
| 005 | 20250815073636.53 | |
| 010 | @a978-7-5763-4768-5@dCNY78.00 | |
| 100 | @a20250721d2025 em y0chiy50 ea | |
| 101 | 0 | @achi |
| 102 | @aCN@b110000 | |
| 105 | @aak a 000yy | |
| 106 | @ar | |
| 200 | 1 | @a建筑工程质量与安全管理@Ajian zhu gong cheng zhi liang yu an quan guan li@f主编徐滨, 蒋晓燕 |
| 210 | @a北京@c北京理工大学出版社@d2025.01 | |
| 215 | @a183页@c图@d26cm | |
| 320 | @a有书目 | |
| 330 | @a本书围绕房屋建筑工程施工中质量与安全管理两大核心要素阐述, 共分为5个项目, 包括质量与安全管理基本知识、建筑工程施工质量管理、工程质量事故预防及处理、质量控制检验与统计分析、建筑工程施工安全管理。 | |
| 606 | 0 | @a建筑工程@Ajian zhu gong cheng@x工程质量@x质量管理 |
| 606 | 0 | @a建筑工程@Ajian zhu gong cheng@x安全管理 |
| 690 | @aTU712.3@v5 | |
| 690 | @aTU714@v5 | |
| 701 | 0 | @a徐滨@Axu bin@4主编 |
| 701 | 0 | @a蒋晓燕@Ajiang xiao yan@4主编 |
| 801 | 0 | @aCN@c20250909 |
| 905 | @a河南城建学院图书馆@dTU712.3@eX675@f1 | |
| 建筑工程质量与安全管理/主编徐滨, 蒋晓燕.-北京:北京理工大学出版社,2025.01 |
| 183页:图;26cm |
| ISBN 978-7-5763-4768-5:CNY78.00 |
| 本书围绕房屋建筑工程施工中质量与安全管理两大核心要素阐述, 共分为5个项目, 包括质量与安全管理基本知识、建筑工程施工质量管理、工程质量事故预防及处理、质量控制检验与统计分析、建筑工程施工安全管理。 |
| ● |
| 相关链接 |
|
|
|
正题名:建筑工程质量与安全管理
索取号:TU712.3/X675
 
预约/预借
| 序号 | 登录号 | 条形码 | 馆藏地/架位号 | 状态 | 备注 |
| 1 | 1623838 | 216238382 | 建筑库201/201建筑库 24排3列2层/ [索取号:TU712.3/X675] | 在馆 |